Neuro Design Neuromarketing Insights to Boost Engagement and Profitability
Salvato in:
| Autore principale: | |
|---|---|
| Natura: | Libro |
| Lingua: | inglese |
| Pubblicazione: |
London
Kogan Page
2017
|
| Edizione: | 1st Edition |
| Soggetti: | |
| Tags: |
Nessun Tag, puoi essere il primo ad aggiungerne!!
|
MARC
| LEADER | 00000nam a2200000 4500 | ||
|---|---|---|---|
| 001 | 0288823 | ||
| 005 | 20240416113827.0 | ||
| 020 | |a 978-0-7494-7888-9 | ||
| 041 | 0 | |a eng | |
| 044 | |a GB | ||
| 245 | 1 | 0 | |a Neuro Design |b Neuromarketing Insights to Boost Engagement and Profitability |c Darren Bridger |
| 250 | |a 1st Edition | ||
| 264 | 1 | |a London |b Kogan Page |c 2017 | |
| 300 | |a 249 s. | ||
| 610 | 2 | 0 | |a neuromarketing |
| 610 | 2 | 0 | |a neuroveda |
| 610 | 2 | 0 | |a psychológia predaja |
| 610 | 2 | 0 | |a dizajn |
| 610 | 2 | 0 | |a emócie |
| 610 | 2 | 0 | |a ekonómia behaviorálna |
| 100 | 1 | |a Bridger, Darren | |